Ot planovoj ekonomiki k rynočnoj: tempy i stadii preobrazovanija.
Cesty východoeurópskych krajín k ekonomickej transformácii a možné formy premien. Podstata ekonomických reforiem: makroekonomická stabilizácia, liberalizácia cien, znižovanie dotácií, problémy inflácie. Liberalizácia a inštitucionálne reformy. Cesty privatizácie v jednotlivých krajinách. Problém his...
Gespeichert in:
| 1. Verfasser: | |
|---|---|
| Format: | Buchkapitel |
| Sprache: | Russisch |
| Schlagworte: | |
| Tags: |
Keine Tags, Fügen Sie das erste Tag hinzu!
|
MARC
| LEADER | 00000naa a2200000 4500 | ||
|---|---|---|---|
| 001 | r011001 | ||
| 005 | 20221208123314.8 | ||
| 041 | 0 | |a rus | |
| 044 | |a [SU] | ||
| 245 | 1 | 0 | |a Ot planovoj ekonomiki k rynočnoj: tempy i stadii preobrazovanija. |c M. Dabrowski |
| 520 | |a Cesty východoeurópskych krajín k ekonomickej transformácii a možné formy premien. Podstata ekonomických reforiem: makroekonomická stabilizácia, liberalizácia cien, znižovanie dotácií, problémy inflácie. Liberalizácia a inštitucionálne reformy. Cesty privatizácie v jednotlivých krajinách. Problém historického precedensu. Dôslednosť realizácie reforiem. | ||
| 610 | 2 | 0 | |a východná Európa |
| 610 | 2 | 0 | |a transformácia |
| 610 | 2 | 0 | |a hospodárstvo trhové |
| 610 | 2 | 0 | |a zmeny štruktúrne |
| 610 | 2 | 0 | |a reformy hospodárske |
| 610 | 2 | 0 | |a privatizácia |
| 610 | 2 | 0 | |a liberalizácia |
| 610 | 2 | 0 | |a stabilizácia hospodárstva |
| 610 | 2 | 0 | |a dotácie |
| 610 | 2 | 0 | |a inflácia |
| 100 | 1 | |a Dabrowski, Marek | |